[Event "Gibtelecom ChallWk2 3rd"]
[Site "Gibraltar"]
[Date "2005.01.31"]
[Round "2.7"]
[White "Slimani, Abderezzak"]
[Black "Hewitt, Sean D"]
[Result "1-0"]
[WhiteElo "1802"]
[BlackElo "1615"]
[PlyCount "121"]
[EventDate "2005.01.30"]
[EventType "swiss"]
[EventRounds "5"]
[EventCountry "GGB"]
[SourceTitle "BritBase"]
[Source "www.saund.co.uk"]
[SourceDate "2018.02.10"]
[SourceVersion "1"]
[SourceVersionDate "2018.02.10"]
[SourceQuality "1"]

1. e4 e5 2. Bc4 Bc5 3. Nf3 Nc6 4. O-O Nf6 5. d3 h6 6. c3 O-O 7. Nbd2 a6 8. Bb3
d6 9. h3 b5 10. Re1 Kh8 11. Nf1 Ne7 12. Ng3 a5 13. Bc2 Bb6 14. Nh4 Ng6 15. Nhf5
Ne7 16. Qf3 Nxf5 17. Nxf5 Bxf5 18. Qxf5 Qd7 19. Qf3 Ng8 20. g4 Qe6 21. Be3 Rab8
22. Kg2 Ne7 23. Bb3 Qg6 24. Kh2 a4 25. Bc2 c5 26. Rg1 f6 27. Rg2 Qe8 28. h4 Bd8
29. Qh3 Qd7 30. Qg3 g5 31. Qh3 Kg7 32. h5 Qc6 33. Rgg1 d5 34. Rac1 Qd6 35. Qg3
Bc7 36. a3 Qb6 37. Kh3 Rfc8 38. Bb1 d4 39. Bd2 Bd6 40. Ba2 b4 41. Be6 Rc7 42.
cxb4 cxb4 43. Rxc7 Bxc7 44. Bc4 bxa3 45. bxa3 Bd6 46. Bc1 Nc6 47. Qf3 Na5 48.
Bd5 Nb3 49. Qf5 Qc7 50. Qg6+ Kf8 51. Qxf6+ Ke8 52. Qg6+ Kd8 53. Qxh6 Nxc1 54.
Qxg5+ Be7 55. Qxc1 Qxc1 56. Rxc1 Bxa3 57. Ra1 Bf8 58. Rxa4 Ke7 59. g5 Bg7 60.
Ra7+ Kf8 61. Rf7+ 1-0

[Event "Gibtelecom ChallWk2 3rd"]
[Site "Gibraltar"]
[Date "2005.01.31"]
[Round "2.8"]
[White "Mihajlova, Diana"]
[Black "Kekki, Kristina"]
[Result "0-1"]
[WhiteElo "1217"]
[BlackElo "1112"]
[PlyCount "46"]
[EventDate "2005.01.30"]
[EventType "swiss"]
[EventRounds "5"]
[EventCountry "GGB"]
[SourceTitle "BritBase"]
[Source "www.saund.co.uk"]
[SourceDate "2018.02.10"]
[SourceVersion "1"]
[SourceVersionDate "2018.02.10"]
[SourceQuality "1"]

1. e4 e6 2. Nc3 d5 3. d4 dxe4 4. Nxe4 Bd7 5. Nf3 Bc6 6. Qd3 Nd7 7. c4 Bxe4 8.
Qxe4 c6 9. Bg5 Bb4+ 10. Bd2 Bxd2+ 11. Nxd2 Ngf6 12. Qf3 O-O 13. Bd3 Re8 14. O-O
Qb6 15. Nb3 e5 16. Qd1 exd4 17. a4 c5 18. Ra3 Qc7 19. Bc2 Re5 20. Qd2 Rh5 21.
f4 Re8 22. Nc1 b6 23. Rg3 Rh6 0-1

[Event "Gibtelecom ChallWk2 3rd"]
[Site "Gibraltar"]
[Date "2005.02.01"]
[Round "3.1"]
[White "Kuenitz, Klaus"]
[Black "Hamer, Martyn"]
[Result "0-1"]
[WhiteElo "2005"]
[BlackElo "1915"]
[PlyCount "44"]
[EventDate "2005.01.30"]
[EventType "swiss"]
[EventRounds "5"]
[EventCountry "GGB"]
[SourceTitle "BritBase"]
[Source "www.saund.co.uk"]
[SourceDate "2018.02.10"]
[SourceVersion "1"]
[SourceVersionDate "2018.02.10"]
[SourceQuality "1"]

1. Nf3 Nf6 2. d4 g6 3. c4 Bg7 4. Nc3 O-O 5. e4 d6 6. Be3 e5 7. dxe5 dxe5 8.
Qxd8 Rxd8 9. Nd5 Nxd5 10. cxd5 c6 11. Bc4 cxd5 12. Bxd5 h6 13. Rc1 Nc6 14. Bxc6
bxc6 15. Rxc6 Bb7 16. Rc7 Bxe4 17. Rxa7 Rxa7 18. Bxa7 Ra8 19. Be3 Rxa2 20. Bc1
Bd3 21. Nd2 e4 22. b4 Bc3 0-1

[Event "Gibtelecom ChallWk2 3rd"]
[Site "Gibraltar"]
[Date "2005.02.01"]
[Round "3.2"]
[White "Gravett, Alan D"]
[Black "Elamri, Khaled"]
[Result "0-1"]
[WhiteElo "1750"]
[BlackElo "1922"]
[PlyCount "94"]
[EventDate "2005.01.30"]
[EventType "swiss"]
[EventRounds "5"]
[EventCountry "GGB"]
[SourceTitle "BritBase"]
[Source "www.saund.co.uk"]
[SourceDate "2018.02.10"]
[SourceVersion "1"]
[SourceVersionDate "2018.02.10"]
[SourceQuality "1"]

1. g3 Nf6 2. Bg2 g6 3. e4 d6 4. d4 Bg7 5. Ne2 O-O 6. O-O c6 7. Nbc3 e5 8. h3 a5
9. a4 Na6 10. Kh2 Qc7 11. Be3 Nb4 12. Qd2 b6 13. Rad1 Ba6 14. f4 h5 15. Rf2
Bxe2 16. Qxe2 exd4 17. Bxd4 Rfe8 18. Qf3 Rad8 19. Rfd2 Nh7 20. Ne2 Bxd4 21.
Nxd4 d5 22. exd5 Nxd5 23. Re2 Rxe2 24. Nxe2 Re8 25. Rd3 Nhf6 26. Nc3 h4 27.
Nxd5 Nxd5 28. f5 hxg3+ 29. Qxg3 Qxg3+ 30. Kxg3 Nb4 31. Rb3 gxf5 32. c3 Re3+ 33.
Kf4 Rd3 34. Kxf5 c5 35. Ke4 c4 36. Bf1 f5+ 37. Kxf5 Rf3+ 38. Ke4 Rxf1 39. Rxb4
axb4 40. cxb4 Rd1 41. a5 bxa5 42. bxa5 Kf7 43. a6 Ra1 44. Kd4 Rxa6 45. Kxc4 Ke7
46. Kb5 Rh6 47. b4 Kd7 0-1

[Event "Gibtelecom ChallWk2 3rd"]
[Site "Gibraltar"]
[Date "2005.02.01"]
[Round "3.3"]
[White "Manetto, Luis"]
[Black "Sbia, Bachir"]
[Result "0-1"]
[WhiteElo "1585"]
[BlackElo "1960"]
[PlyCount "52"]
[EventDate "2005.01.30"]
[EventType "swiss"]
[EventRounds "5"]
[EventCountry "GGB"]
[SourceTitle "BritBase"]
[Source "www.saund.co.uk"]
[SourceDate "2018.02.10"]
[SourceVersion "1"]
[SourceVersionDate "2018.02.10"]
[SourceQuality "1"]

1. e4 c5 2. Nf3 e6 3. d4 cxd4 4. Nxd4 a6 5. Nc3 Qc7 6. Bd3 Nf6 7. O-O Be7 8.
Bg5 d6 9. Qe2 Nbd7 10. f4 Qc5 11. Qf2 Ng4 12. Nxe6 Qxf2+ 13. Rxf2 fxe6 14. Rf3
Bxg5 15. fxg5 Nge5 16. Rf2 Rf8 17. Rxf8+ Kxf8 18. Rf1+ Ke7 19. Be2 b5 20. a3
Bb7 21. Bf3 Rc8 22. Rf2 Nxf3+ 23. gxf3 Ne5 24. Nd1 Rf8 25. Kg2 Nxf3 26. Nc3
Nxg5 0-1

[Event "Gibtelecom ChallWk2 3rd"]
[Site "Gibraltar"]
[Date "2005.02.01"]
[Round "3.4"]
[White "Slimani, Abderezzak"]
[Black "Gonzalez Amaya, Millan"]
[Result "0-1"]
[WhiteElo "1802"]
[BlackElo "1705"]
[PlyCount "79"]
[EventDate "2005.01.30"]
[EventType "swiss"]
[EventRounds "5"]
[EventCountry "GGB"]
[SourceTitle "BritBase"]
[Source "www.saund.co.uk"]
[SourceDate "2018.02.10"]
[SourceVersion "1"]
[SourceVersionDate "2018.02.10"]
[SourceQuality "1"]

1. e4 e5 2. Bc4 Nf6 3. d3 Nc6 4. Nf3 d6 5. Ng5 d5 6. exd5 Na5 7. Qf3 Nxc4 8.
dxc4 Bg4 9. Qe3 Bd6 10. Nc3 O-O 11. c5 Be7 12. Qd3 Bxc5 13. Be3 Bxe3 14. fxe3
Bh5 15. h3 Bg6 16. e4 Nxd5 17. Nxd5 Qxg5 18. O-O c6 19. Qe3 Qxe3+ 20. Nxe3 Bxe4
21. c3 Rfd8 22. Rf2 Rd3 23. Re1 Rad8 24. Kh2 Rd2 25. Ng4 Rxf2 26. Nxf2 f5 27.
Nxe4 fxe4 28. Rxe4 Re8 29. Kg3 Kf7 30. Kf3 Ke6 31. Rb4 Rf8+ 32. Ke3 b5 33. g3
Rf1 34. Rh4 h6 35. a4 a5 36. axb5 cxb5 37. Kd3 Rf3+ 38. Kc2 Rxg3 39. b3 Rf3 40.
c4 0-1

[Event "Gibtelecom ChallWk2 3rd"]
[Site "Gibraltar"]
[Date "2005.02.01"]
[Round "3.5"]
[White "Benaddi, Mouhcine"]
[Black "O'Rourke, William"]
[Result "1-0"]
[WhiteElo "1817"]
[BlackElo "1758"]
[PlyCount "99"]
[EventDate "2005.01.30"]
[EventType "swiss"]
[EventRounds "5"]
[EventCountry "GGB"]
[SourceTitle "BritBase"]
[Source "www.saund.co.uk"]
[SourceDate "2018.02.10"]
[SourceVersion "1"]
[SourceVersionDate "2018.02.10"]
[SourceQuality "1"]

1. e4 b6 2. d4 e6 3. Be3 Bb7 4. Nd2 Nf6 5. Bd3 c5 6. c3 Nc6 7. Ngf3 cxd4 8.
cxd4 Nb4 9. Bb1 Rc8 10. a3 Nc6 11. O-O Na5 12. Qe2 Qc7 13. Bd3 Ng4 14. b4 Nc6
15. h3 Nxe3 16. fxe3 Be7 17. Rac1 Qb8 18. e5 O-O 19. Ne4 h6 20. Nfd2 f5 21.
exf6 Bxf6 22. Nxf6+ Rxf6 23. Rxf6 gxf6 24. Qh5 Qg3 25. Qxh6 Ne7 26. Rxc8+ Bxc8
27. Ne4 Qg7 28. Nxf6+ Kf7 29. Qxg7+ Kxg7 30. Ne8+ Kh6 31. Nd6 Kg5 32. e4 Kf4
33. Kf2 e5 34. g3+ Kg5 35. h4+ Kf6 36. d5 Kg6 37. Kf3 Kh7 38. Kg4 Kg6 39. h5+
Kh7 40. Kg5 Kg8 41. b5 Kh7 42. Kf6 Ng8+ 43. Kg5 Ne7 44. Be2 Kg7 45. Bg4 a5 46.
h6+ Kh7 47. Bf5+ Kg8 48. g4 Kh8 49. Bg6 Kg8 50. Kf6 1-0

[Event "Gibtelecom ChallWk2 3rd"]
[Site "Gibraltar"]
[Date "2005.02.01"]
[Round "3.6"]
[White "Elamri, Sanae"]
[Black "Garriga Marrodan, Enrique"]
[Result "1-0"]
[WhiteElo "1675"]
[BlackElo "1915"]
[PlyCount "83"]
[EventDate "2005.01.30"]
[EventType "swiss"]
[EventRounds "5"]
[EventCountry "GGB"]
[SourceTitle "BritBase"]
[Source "www.saund.co.uk"]
[SourceDate "2018.02.10"]
[SourceVersion "1"]
[SourceVersionDate "2018.02.10"]
[SourceQuality "1"]

1. e4 e5 2. Nf3 d6 3. d4 exd4 4. Nxd4 Nf6 5. Nc3 Be7 6. Bc4 O-O 7. O-O c6 8.
Bf4 Kh8 9. Bb3 b5 10. a3 a5 11. Re1 Bd7 12. Qd2 Nxe4 13. Rxe4 d5 14. Ree1 Na6
15. Rad1 b4 16. axb4 Bxb4 17. Ba4 Rc8 18. Nb3 Be6 19. Qd3 Qb6 20. Bd2 Rfd8 21.
Ne2 c5 22. Qb5 Qxb5 23. Bxb5 Nc7 24. Ba4 c4 25. Nbd4 Bxd2 26. Rxd2 Rd6 27. Nc3
Rb6 28. b3 Na6 29. Ndb5 cxb3 30. Bxb3 Nc5 31. Bxd5 h6 32. Bxe6 Nxe6 33. Ra1 Kh7
34. Rxa5 Nf4 35. g3 Nh3+ 36. Kg2 Ng5 37. Nd5 Rg6 38. Ne7 Rcc6 39. Nxg6 fxg6 40.
Nd4 Rc4 41. Nf3 Ne6 42. Ra6 {at this point black played the illegal move ...
Ng8. The game then continued 43.Ne5 Rc5 44.Nxg6 Nf6 45.Nf4 Rc8 46.Nd5 Ne4 47.
Rd4 Ng5 48.c4 Nf7 49.Ra7 Ne5 50.Rc7 Rf8 51.c5 Nf3 52.Rf4 Rxf4 53.Nxf4 Ne5 54.
c6 h5 55.Nxh5 Kg6 56.Rxg7+ Kxh5 57.c7 Kh6 58.Rg8 1-0} 1-0

[Event "Gibtelecom ChallWk2 3rd"]
[Site "Gibraltar"]
[Date "2005.02.01"]
[Round "3.7"]
[White "Garcia Lechugo, Francisco"]
[Black "Elamri, Laila"]
[Result "1-0"]
[WhiteElo "1712"]
[BlackElo "1532"]
[PlyCount "45"]
[EventDate "2005.01.30"]
[EventType "swiss"]
[EventRounds "5"]
[EventCountry "GGB"]
[SourceTitle "BritBase"]
[Source "www.saund.co.uk"]
[SourceDate "2018.02.10"]
[SourceVersion "1"]
[SourceVersionDate "2018.02.10"]
[SourceQuality "1"]

1. Nf3 d6 2. d3 e5 3. g3 Be6 4. Bg2 Be7 5. O-O Qd7 6. c4 Bh3 7. b4 h5 8. Nc3 h4
9. Qa4 c6 10. b5 hxg3 11. fxg3 Bxg2 12. Kxg2 Qh3+ 13. Kg1 Nf6 14. Rf2 Ng4 15.
Rg2 d5 16. cxd5 Bc5+ 17. e3 Bxe3+ 18. Bxe3 Nxe3 19. Re2 Qh6 20. Rae1 cxd5 21.
Nxd5 Nxd5 22. Rxe5+ Kf8 23. Re8# 1-0

[Event "Gibtelecom ChallWk2 3rd"]
[Site "Gibraltar"]
[Date "2005.02.01"]
[Round "3.8"]
[White "Hurn, Robert"]
[Black "Mihajlova, Diana"]
[Result "1-0"]
[WhiteElo "1682"]
[BlackElo "1217"]
[PlyCount "69"]
[EventDate "2005.01.30"]
[EventType "swiss"]
[EventRounds "5"]
[EventCountry "GGB"]
[SourceTitle "BritBase"]
[Source "www.saund.co.uk"]
[SourceDate "2018.02.10"]
[SourceVersion "1"]
[SourceVersionDate "2018.02.10"]
[SourceQuality "1"]

1. e4 b6 2. d4 Bb7 3. Bd3 Nf6 4. Nc3 e6 5. Nf3 Bb4 6. Qe2 d5 7. e5 Bxc3+ 8.
bxc3 Ne4 9. Bxe4 dxe4 10. Ng5 O-O 11. O-O h6 12. Nxe4 f5 13. Nd2 Qd5 14. Qf3
Nd7 15. Qxd5 Bxd5 16. c4 Bc6 17. f3 g6 18. Re1 Ba4 19. Nb3 Rac8 20. Bxh6 Rf7
21. Rad1 f4 22. Re4 Kh7 23. Bxf4 Rcf8 24. Bc1 Rf5 25. Rh4+ Rh5 26. Rxh5+ gxh5
27. Bg5 c5 28. c3 Rf5 29. f4 Bc6 30. d5 exd5 31. cxd5 Bb7 32. e6 Rxd5 33. Rxd5
Nb8 34. Rd7+ Nxd7 35. exd7 1-0

[Event "Gibtelecom ChallWk2 3rd"]
[Site "Gibraltar"]
[Date "2005.02.01"]
[Round "3.9"]
[White "Hewitt, Sean D"]
[Black "White, George"]
[Result "1-0"]
[WhiteElo "1615"]
[BlackElo "1337"]
[PlyCount "33"]
[EventDate "2005.01.30"]
[EventType "swiss"]
[EventRounds "5"]
[EventCountry "GGB"]
[SourceTitle "BritBase"]
[Source "www.saund.co.uk"]
[SourceDate "2018.02.10"]
[SourceVersion "1"]
[SourceVersionDate "2018.02.10"]
[SourceQuality "1"]

1. e4 c5 2. d4 cxd4 3. f4 d6 4. Nf3 Nf6 5. Bd3 Qc7 6. O-O Nbd7 7. h3 e6 8. a3
Be7 9. b4 a6 10. Qe1 b5 11. Bb2 Bb7 12. Nbd2 O-O 13. g4 e5 14. f5 d5 15. g5
dxe4 16. gxf6 Bxf6 17. Nxe4 1-0

[Event "Gibtelecom ChallWk2 3rd"]
[Site "Gibraltar"]
[Date "2005.02.02"]
[Round "4.1"]
[White "Hamer, Martyn"]
[Black "Elamri, Khaled"]
[Result "0-1"]
[WhiteElo "1915"]
[BlackElo "1922"]
[PlyCount "82"]
[EventDate "2005.01.30"]
[EventType "swiss"]
[EventRounds "5"]
[EventCountry "GGB"]
[SourceTitle "BritBase"]
[Source "www.saund.co.uk"]
[SourceDate "2018.02.10"]
[SourceVersion "1"]
[SourceVersionDate "2018.02.10"]
[SourceQuality "1"]

1. f4 Nf6 2. b3 e6 3. e3 d5 4. Nf3 Be7 5. Bb2 O-O 6. Bd3 c5 7. O-O Nc6 8. a3 a6
9. Qe1 Ne4 10. Ne5 f5 11. Nxc6 bxc6 12. Be2 Bf6 13. Qc1 a5 14. d3 Bxb2 15. Qxb2
Nf6 16. Nd2 Qd6 17. c4 Re8 18. Nf3 Ng4 19. Ne5 Nxe3 20. Rf2 d4 21. Bf3 Bd7 22.
Rb1 Rab8 23. Qa1 Rb6 24. Rfb2 Reb8 25. h3 h6 26. g3 Be8 27. Kh2 R8b7 28. Qa2
Qb8 29. a4 g5 30. Be2 Rg7 31. Rg1 gxf4 32. gxf4 Rxg1 33. Kxg1 Qb7 34. Bf3 Qg7+
35. Kh2 Qf6 36. Qa3 Rb4 37. Kg3 Rb7 38. Qxc5 Rg7+ 39. Kh2 Qh4 40. Bg2 Qxf4+ 41.
Kh1 Nxg2 0-1

[Event "Gibtelecom ChallWk2 3rd"]
[Site "Gibraltar"]
[Date "2005.02.02"]
[Round "4.2"]
[White "Sbia, Bachir"]
[Black "Kuenitz, Klaus"]
[Result "0-1"]
[WhiteElo "1960"]
[BlackElo "2005"]
[PlyCount "141"]
[EventDate "2005.01.30"]
[EventType "swiss"]
[EventRounds "5"]
[EventCountry "GGB"]
[SourceTitle "BritBase"]
[Source "www.saund.co.uk"]
[SourceDate "2018.02.10"]
[SourceVersion "1"]
[SourceVersionDate "2018.02.10"]
[SourceQuality "1"]

1. e4 e6 2. d4 d5 3. Nc3 dxe4 4. Nxe4 Nd7 5. Nf3 Ngf6 6. Nxf6+ Nxf6 7. Bg5 Be7
8. Bd3 O-O 9. Qe2 Qd5 10. O-O Qa5 11. c3 c5 12. Qe5 Qb6 13. dxc5 Qxb2 14. a4
Ng4 15. Qd4 Bxg5 16. Nxg5 f5 17. Nf3 Qb3 18. Bc4 Qc2 19. Nd2 f4 20. Ne4 Nf6 21.
Bd3 Qb3 22. Nxf6+ Rxf6 23. Be4 e5 24. Qd8+ Rf8 25. Bd5+ Be6 26. Qxf8+ Kxf8 27.
Bxb3 Bxb3 28. Rfe1 Re8 29. f3 Kf7 30. a5 a6 31. Rab1 Bd5 32. Rb4 g5 33. Kf2 h5
34. Rb6 Bc6 35. c4 Kf6 36. Rd1 e4 37. Rd6+ Kf5 38. fxe4+ Rxe4 39. Rd5+ Kf6 40.
Rd6+ Ke5 41. Rb4 Re3 42. Rb2 Ra3 43. Re2+ Kf5 44. h3 f3 45. gxf3 Rxf3+ 46. Ke1
Rxh3 47. Rf2+ Bf3 48. Kd2 g4 49. Ke3 Ke5 50. Kd2 Rh1 51. Rxf3 gxf3 52. Ke3 Rh4
53. Rd5+ Ke6 54. Kxf3 Rxc4 55. Rxh5 Rb4 56. Ke3 Rb5 57. Kd4 Rxa5 58. Rh6+ Kd7
59. Kd5 Ra1 60. Rh7+ Kc8 61. c6 Rd1+ 62. Ke6 bxc6 63. Ra7 Kb8 64. Rxa6 Kb7 65.
Ra2 c5 66. Ke5 Kb6 67. Ke4 c4 68. Ke3 Kb5 69. Ke2 Rd8 70. Rb2+ Kc5 71. Rd2 0-1

[Event "Gibtelecom ChallWk2 3rd"]
[Site "Gibraltar"]
[Date "2005.02.02"]
[Round "4.3"]
[White "Gonzalez Amaya, Millan"]
[Black "Benaddi, Mouhcine"]
[Result "0-1"]
[WhiteElo "1705"]
[BlackElo "1817"]
[PlyCount "58"]
[EventDate "2005.01.30"]
[EventType "swiss"]
[EventRounds "5"]
[EventCountry "GGB"]
[SourceTitle "BritBase"]
[Source "www.saund.co.uk"]
[SourceDate "2018.02.10"]
[SourceVersion "1"]
[SourceVersionDate "2018.02.10"]
[SourceQuality "1"]

1. e4 c6 2. Nc3 d5 3. Nf3 dxe4 4. Nxe4 Bg4 5. h3 Bh5 6. Ng3 Bg6 7. Bc4 Nd7 8.
O-O e6 9. d4 Qc7 10. Qe1 O-O-O 11. b4 Ngf6 12. b5 c5 13. Bd3 cxd4 14. Bxg6 hxg6
15. Nxd4 Bc5 16. Nb3 Bd6 17. Qe3 Kb8 18. Bd2 Nd5 19. Qf3 Ne5 20. Qe2 Qxc2 21.
Rac1 Qd3 22. Qe1 Rc8 23. Nc5 Nf3+ 24. gxf3 Rxc5 25. Rxc5 Bxc5 26. Qe5+ Ka8 27.
Bf4 Qxf3 28. Qxg7 Rd8 29. Qh6 Nxf4 0-1

[Event "Gibtelecom ChallWk2 3rd"]
[Site "Gibraltar"]
[Date "2005.02.02"]
[Round "4.4"]
[White "Garcia Lechugo, Francisco"]
[Black "Gravett, Alan D"]
[Result "0-1"]
[WhiteElo "1712"]
[BlackElo "1750"]
[PlyCount "36"]
[EventDate "2005.01.30"]
[EventType "swiss"]
[EventRounds "5"]
[EventCountry "GGB"]
[SourceTitle "BritBase"]
[Source "www.saund.co.uk"]
[SourceDate "2018.02.10"]
[SourceVersion "1"]
[SourceVersionDate "2018.02.10"]
[SourceQuality "1"]

1. d4 Nf6 2. Nf3 g6 3. e3 Bg7 4. Bd3 O-O 5. Nbd2 d6 6. O-O Nbd7 7. c3 Re8 8.
Qb3 e6 9. Bc4 d5 10. Bd3 c5 11. Qd1 b6 12. e4 Bb7 13. Re1 cxd4 14. Nxd4 Nc5 15.
Bb5 dxe4 16. Bxe8 Qxe8 17. Nf1 e5 18. Nb5 Qxb5 0-1

[Event "Gibtelecom ChallWk2 3rd"]
[Site "Gibraltar"]
[Date "2005.02.02"]
[Round "4.5"]
[White "Hewitt, Sean D"]
[Black "Elamri, Sanae"]
[Result "0-1"]
[WhiteElo "1615"]
[BlackElo "1675"]
[PlyCount "126"]
[EventDate "2005.01.30"]
[EventType "swiss"]
[EventRounds "5"]
[EventCountry "GGB"]
[SourceTitle "BritBase"]
[Source "www.saund.co.uk"]
[SourceDate "2018.02.10"]
[SourceVersion "1"]
[SourceVersionDate "2018.02.10"]
[SourceQuality "1"]

1. d4 d5 2. Nf3 Nf6 3. Bf4 Bf5 4. e3 e6 5. c3 Nbd7 6. Nbd2 Be7 7. Be2 O-O 8.
O-O h6 9. h3 Nb6 10. g4 Bh7 11. Bg3 Ne4 12. Nxe4 Bxe4 13. Nd2 Bh7 14. f4 Bh4
15. Qe1 Bxg3 16. Qxg3 Nd7 17. Rf2 Qe7 18. Raf1 f6 19. h4 Kf7 20. g5 hxg5 21.
fxg5 Qd6 22. g6+ Bxg6 23. Qg5 Rh8 24. h5 Bf5 25. Rxf5 exf5 26. Qg6+ Kf8 27.
Rxf5 Rh6 28. Qg2 c6 29. Rf4 Re8 30. Kf2 Qe6 31. Nf1 Nb6 32. b3 Nc8 33. Bg4 Qe7
34. Bf5 Rxh5 35. Qg4 Rg5 36. Qh3 Nd6 37. Bg4 Qf7 38. Qh8+ Ke7 39. Qh3 Kd8 40.
Ke2 Re4 41. Rxe4 Nxe4 42. Ke1 Nxc3 43. Be6 Qh5 44. Qxh5 Rxh5 45. a4 Ke7 46. Bc8
b5 47. axb5 cxb5 48. Ba6 g5 49. b4 g4 50. Ng3 Rh8 51. Kd2 Ne4+ 52. Nxe4 dxe4
53. Bxb5 g3 54. Ke2 Rh2+ 55. Kf1 Rf2+ 56. Kg1 Rf3 57. Kg2 Rxe3 58. Bc6 f5 59.
b5 Kd6 60. d5 f4 61. Bb7 Re2+ 62. Kg1 f3 63. Bc6 Re1# 0-1

[Event "Gibtelecom ChallWk2 3rd"]
[Site "Gibraltar"]
[Date "2005.02.02"]
[Round "4.6"]
[White "Manetto, Luis"]
[Black "Slimani, Abderezzak"]
[Result "1/2-1/2"]
[WhiteElo "1585"]
[BlackElo "1802"]
[PlyCount "22"]
[EventDate "2005.01.30"]
[EventType "swiss"]
[EventRounds "5"]
[EventCountry "GGB"]
[SourceTitle "BritBase"]
[Source "www.saund.co.uk"]
[SourceDate "2018.02.10"]
[SourceVersion "1"]
[SourceVersionDate "2018.02.10"]
[SourceQuality "1"]

1. e4 c5 2. Nf3 Nc6 3. d4 cxd4 4. Nxd4 e6 5. Nc3 a6 6. Bc4 Qc7 7. Nxc6 bxc6 8.
O-O d5 9. exd5 cxd5 10. Bb3 Nf6 11. Re1 Be7 1/2-1/2

[Event "Gibtelecom ChallWk2 3rd"]
[Site "Gibraltar"]
[Date "2005.02.02"]
[Round "4.7"]
[White "Elamri, Laila"]
[Black "Hurn, Robert"]
[Result "1-0"]
[WhiteElo "1532"]
[BlackElo "1682"]
[PlyCount "59"]
[EventDate "2005.01.30"]
[EventType "swiss"]
[EventRounds "5"]
[EventCountry "GGB"]
[SourceTitle "BritBase"]
[Source "www.saund.co.uk"]
[SourceDate "2018.02.10"]
[SourceVersion "1"]
[SourceVersionDate "2018.02.10"]
[SourceQuality "1"]

1. e4 c5 2. Nc3 Nc6 3. g3 g6 4. Bg2 Bg7 5. d3 d6 6. Nge2 e6 7. O-O Nge7 8. Bd2
O-O 9. Qc1 Rb8 10. Bh6 b5 11. h4 b4 12. Nd1 Bxh6 13. Qxh6 f5 14. h5 Ne5 15.
hxg6 N7xg6 16. exf5 Rxf5 17. Ne3 Rf7 18. f4 Nd7 19. f5 Ngf8 20. fxe6 Rf6 21.
Qg5+ Ng6 22. Rf5 Rf8 23. Qxd8 Rxd8 24. exd7 Bxd7 25. Rf2 Ne5 26. Nf4 Re8 27.
Nfd5 Kg7 28. Nf6 Re7 29. Nxd7 Nxd7 30. Nf5+ 1-0

[Event "Gibtelecom ChallWk2 3rd"]
[Site "Gibraltar"]
[Date "2005.02.02"]
[Round "4.8"]
[White "Mihajlova, Diana"]
[Black "O'Rourke, William"]
[Result "0-1"]
[WhiteElo "1217"]
[BlackElo "1758"]
[PlyCount "47"]
[EventDate "2005.01.30"]
[EventType "swiss"]
[EventRounds "5"]
[EventCountry "GGB"]
[SourceTitle "BritBase"]
[Source "www.saund.co.uk"]
[SourceDate "2018.02.10"]
[SourceVersion "1"]
[SourceVersionDate "2018.02.10"]
[SourceQuality "1"]

1. e4 e5 2. Nc3 f5 3. Nf3 fxe4 4. Nxe4 Nf6 5. Nc3 Nc6 6. Qe2 d6 7. d4 Qe7 8. d5
Nd4 9. Nxd4 exd4 10. Nd1 Nxd5 11. Qxe7+ Bxe7 12. g3 Nb4 13. Bd3 Bh3 14. Rb1 Bg2
15. Rg1 Bf3 16. a3 Nxd3+ 17. cxd3 O-O 18. Bd2 Rae8 19. Kf1 Bg4 20. Rc1 Bh3+ 21.
Ke1 Bg5+ 22. Be3 dxe3 23. fxe3 c6 24. Nf2 0-1

[Event "Gibtelecom ChallWk2 3rd"]
[Site "Gibraltar"]
[Date "2005.02.03"]
[Round "5.1"]
[White "Elamri, Khaled"]
[Black "Kuenitz, Klaus"]
[Result "1/2-1/2"]
[WhiteElo "1922"]
[BlackElo "2005"]
[PlyCount "27"]
[EventDate "2005.01.30"]
[EventType "swiss"]
[EventRounds "5"]
[EventCountry "GGB"]
[SourceTitle "BritBase"]
[Source "www.saund.co.uk"]
[SourceDate "2018.02.10"]
[SourceVersion "1"]
[SourceVersionDate "2018.02.10"]
[SourceQuality "1"]

1. b3 e5 2. Bb2 d6 3. e3 Nc6 4. d4 exd4 5. exd4 d5 6. Bd3 Nf6 7. Nf3 Be7 8. O-O
Bg4 9. Nbd2 O-O 10. a3 Bd6 11. c4 dxc4 12. bxc4 h6 13. h3 Bh5 14. Qc2 1/2-1/2

[Event "Gibtelecom ChallWk2 3rd"]
[Site "Gibraltar"]
[Date "2005.02.03"]
[Round "5.2"]
[White "Benaddi, Mouhcine"]
[Black "Hamer, Martyn"]
[Result "1-0"]
[WhiteElo "1817"]
[BlackElo "1915"]
[PlyCount "60"]
[EventDate "2005.01.30"]
[EventType "swiss"]
[EventRounds "5"]
[EventCountry "GGB"]
[SourceTitle "BritBase"]
[Source "www.saund.co.uk"]
[SourceDate "2018.02.10"]
[SourceVersion "1"]
[SourceVersionDate "2018.02.10"]
[SourceQuality "1"]

1. Nf3 Nc6 2. d4 d5 3. e3 Bg4 4. Be2 Nf6 5. O-O e6 6. c4 Ne7 7. h3 Bxf3 8. Bxf3
c6 9. Nc3 Ng6 10. e4 Nh4 11. e5 Nxf3+ 12. Qxf3 Nd7 13. cxd5 cxd5 14. Qg4 Qb6
15. Re1 h5 16. Qd1 Be7 17. b3 Rc8 18. Na4 Qa6 19. Be3 b5 20. Qe2 Qb7 21. Nb2 g6
22. Nd3 Kf8 23. Qd2 Kg7 24. Bg5 Bxg5 25. Qxg5 Rc3 26. Rad1 Qc7 27. Rc1 Rxc1 28.
Rxc1 Qb6 29. Nc5 Nxc5 30. Qf6+ Kh6 1-0

[Event "Gibtelecom ChallWk2 3rd"]
[Site "Gibraltar"]
[Date "2005.02.03"]
[Round "5.3"]
[White "Elamri, Sanae"]
[Black "Sbia, Bachir"]
[Result "1-0"]
[WhiteElo "1675"]
[BlackElo "1960"]
[PlyCount "53"]
[EventDate "2005.01.30"]
[EventType "swiss"]
[EventRounds "5"]
[EventCountry "GGB"]
[SourceTitle "BritBase"]
[Source "www.saund.co.uk"]
[SourceDate "2018.02.10"]
[SourceVersion "1"]
[SourceVersionDate "2018.02.10"]
[SourceQuality "1"]

1. Nf3 c6 2. d4 d5 3. g3 Nf6 4. Bg2 Bg4 5. O-O Qd7 6. Ne5 Qc7 7. Nxg4 Nxg4 8.
e4 Nf6 9. e5 Nfd7 10. c4 dxc4 11. e6 fxe6 12. Bf4 Qb6 13. Na3 Qa6 14. Rc1 Nb6
15. Qh5+ Kd8 16. Qe5 N8d7 17. Qxe6 h6 18. Bh3 g5 19. Be5 Nxe5 20. dxe5 Kc7 21.
Rfd1 Rd8 22. Rxd8 Kxd8 23. Nxc4 Qxa2 24. Rd1+ Kc7 25. Nxb6 Qxe6 26. Na8+ Kb8
27. Rd8+ 1-0